Ancient India and Ancient China Trade and Religious Exchanges, AD 1-600 (Record no. 11878)

MARC details
000 -LEADER
fixed length control field 00714nam a2200265 a 4500
020 ## - INTERNATIONAL STANDARD BOOK NUMBER
ISBN 0195876
082 00 - DEWEY DECIMAL CLASSIFICATION NUMBER
Classification number 934.07
Author Cutter LIU
100 ## - MAIN ENTRY--AUTHOR NAME
Author name Liu, Xinru
245 ## - TITLE STATEMENT
Title Ancient India and Ancient China Trade and Religious Exchanges, AD 1-600
260 ## - PUBLICATION, DISTRIBUTION, ETC. (IMPRINT)
Place of publication Londan
Name of publisher Oxford University Press
Year of publication 1994
300 ## - PHYSICAL DESCRIPTION
Number of Pages 231p
500 ## - GENERAL NOTE
General note includes index and biblioraphy
505 2# - FORMATTED CONTENTS NOTE
Formatted contents note Plates
650 ## - SUBJECT ADDED ENTRY--TOPICAL TERM
Topical Term India-History Ancient
650 ## - SUBJECT ADDED ENTRY--TOPICAL TERM
Topical Term International Relations-India-China
650 ## - SUBJECT ADDED ENTRY--TOPICAL TERM
Topical Term Buddhism
942 ## - ADDED ENTRY ELEMENTS (KOHA)
Koha item type Books
700 1# -
-- Liu, Xinru
Holdings
Collection code Home library Current library Date acquired Cost, normal purchase price Full call number Accession Number Koha item type
  Henry Martyn Institute Library Henry Martyn Institute Library 04/02/2007 125.00 934.07 LIU 016903 Books
                   Copyright © 2026 | Henry Martyn Institute | Hyderabad | TS-500052 | INDIA | Implemented by hmi.edu.in
Hit-Count:

Powered by Koha